000 00341nam a2200157Ia 4500
100 _aKaushik/Saraj
650 _aArtificial Intelligence
942 _cBK
366 _f27
245 _aArtificial intelligence
260 _bCengage Learning
_c2011
082 _a6.3
_bKAU
300 _a645
546 _aENGLISH
_cComputers
999 _c27633
_d27633